00629nam a22001337a 4500008004100000020001500041050002500056245027800081250002000359260004200379300002300421440003100444500002000475140911b xxu||||| |||| 00| 0 eng d a0327074531 aKF101.A312 (vol 130) aUnited States Supreme Court reports: October term 1994, cases contained in U.S. reports, vol 513 U.S.(part), lawyers edition, second series, vol 130: complete with headnotes, summaries of decisions and briefs, annotations, tables and index. /cedited by Sheldon R. Shapiro aLawyers edition aLondon:bLexis Law Publishing,c1999. acvii,1240p.:c26cm pOctober term 1994vvol 130 aIncludes index.